Cholula: La ciudad sagrada de la Era Industrial /

Contenido: La ciudad secular: aspectos generales; La ciudad secular: vida económica; La ciudad santa: fiestas; La ciudad sagrada: Organización tradicional; Cholula problema.

I tiakina i:
Ngā taipitopito rārangi puna kōrero
Kaituhi matua: Bonfil Batalla, Guillermo (autor)
Hōputu: Pukapuka
Reo:Pāniora
Putanga:2a edición
Rangatū:(Historia)
Ngā marau:
Ngā Tūtohu: Tāpirihia he Tūtohu
Kāore He Tūtohu, Me noho koe te mea tuatahi ki te tūtohu i tēnei pūkete!

MARC

LEADER 00000nam^a2200000^a^4500
001 000040226
005 20250521000000.0
009 20260310085612.122
020 |a 968-863-067-5 
037 |a Acervo ITESO - Biblioteca 
041 |a ESP 
082 |a 306. 4  |b BON 
100 |a Bonfil Batalla, Guillermo  |e (autor) 
245 1 0 |a Cholula: La ciudad sagrada de la Era Industrial /  |c G. BonfilBatalla. 
250 |a 2a edición 
264 |a México :  |b Benemérita Universidad Autónoma de Puebla,  |c 1988 
300 |a 296 p. 
336 |a texto  |b txt  |2 rdacontenido 
337 |a sin mediación  |b n  |2 rdamedio 
338 |a volumen  |b nc  |2 rdasoporte 
440 1 |a (Historia) 
520 |a Contenido: La ciudad secular: aspectos generales; La ciudad secular: vida económica; La ciudad santa: fiestas; La ciudad sagrada: Organización tradicional; Cholula problema. 
649 |a XX 
650 |a Sociología 
650 |a Sociedad Industrial -  |z México 
650 |a Desarrollo Económico-Social -  |z México 
650 |a Cholula, Puebla 
650 |a México -  |x Condiciones Económicas 
910 |a Fondo General 
920 |a Impresos - Libros 
930 |a Colección General 
905 |a 101 
901 |a 0402260100  |b IT1  |c ACC  |i 040226  |u 20250521 
902 |a https://opac.biblio.iteso.mx/vufind/Record/000040226